Energy efficiency in buildings (Record no. 67106)

MARC details
000 -LEADER
fixed length control field 01106cam a2200229 4500
001 - CONTROL NUMBER
control field WB3720-01
008 - FIXED-LENGTH DATA ELEMENTS--GENERAL INFORMATION
fixed length control field 000000n2001 000 0 eng u
035 ## - SYSTEM CONTROL NUMBER
System control number (Sirsi) u112715
245 ## - TITLE STATEMENT
Title Energy efficiency in buildings
260 ## - PUBLICATION, DISTRIBUTION, ETC.
Date of publication, distribution, etc. 2001
490 ## - SERIES STATEMENT
Series statement RICS European Alert
Volume/sequential designation May 2001, 2(1)
520 ## - SUMMARY, ETC.
Summary, etc. The European Commission has agreed in principle a draft directive on energy efficiency in buildings aimed at achieving a cost-effective energy saving of over 22% in the construction sector. The draft directive includes the application and updating of minimum standards based on a common methodology for new and for existing buildings over 1500m3, certification schemes and the specific inspection and assessment of heating and cooling installations by qualified personnel.
590 ## - LOCAL NOTE (RLIN)
Local note WB
650 ## - SUBJECT ADDED ENTRY--TOPICAL TERM
Topical term or geographic name entry element CONSTRUCTION INDUSTRY
650 ## - SUBJECT ADDED ENTRY--TOPICAL TERM
Topical term or geographic name entry element ENERGY EFFICIENCY
650 ## - SUBJECT ADDED ENTRY--TOPICAL TERM
Topical term or geographic name entry element ENVIRONMENTALLY FRIENDLY BUILDINGS
650 ## - SUBJECT ADDED ENTRY--TOPICAL TERM
Topical term or geographic name entry element EUROPEAN COMMISSION
650 ## - SUBJECT ADDED ENTRY--TOPICAL TERM
Topical term or geographic name entry element SUSTAINABLE BUILDINGS
650 ## - SUBJECT ADDED ENTRY--TOPICAL TERM
Topical term or geographic name entry element SUSTAINABLE CONSTRUCTION
690 ## - LOCAL SUBJECT ADDED ENTRY--TOPICAL TERM (OCLC, RLIN)
Topical term or geographic name as entry element BUILDING AND CONSTRUCTION-ENERGY MANAGEMENT
942 ## - ADDED ENTRY ELEMENTS (KOHA)
Suppress in OPAC 0
Holdings
Withdrawn status Lost status Source of classification or shelving scheme Damaged status Not for loan Home library Current library Shelving location Date acquired Total Checkouts Full call number Barcode Date last seen Copy number Price effective from Koha item type
    Dewey Decimal Classification     London London News article 22/05/2001   WB3720-01 112715-1001 06/08/2019 1 06/08/2019 News article